Titoli di film che contengono città #6 - Statistics

Statistiche generali
  • Questo quiz è stato fatto 45 volte
  • Il punteggio medio è 3 su 10
Statistiche sulle risposte
Titoli dei film (incompleti) Anno Città % Corretto
Il mercante di ________ 2004 Venezia
92%
L'oro di _______ 1954 Napoli
45%
Natale a ________ 2008 Rio
32%
________ Boulevard 2010 London
29%
M - il mostro di ________ 1931 Dusseldorf
26%
Il treno ferma a ________ 1948 Berlino
21%
Intrigo a ________ 1963 Stoccolma
16%
Birra ghiacciata ad ________ 1958 Alessandria
8%
Cancellate ________! 1990 Washington
8%
________ mia! 1951 Trieste
3%
Nessun quiz corrispondente trovato
Distribuzione punteggi
Percentuale di utenti per punteggio
Percentile per numero di risposta
I tuoi punteggi nel tempo
Non hai fatto questo quiz